লোডিং...
Tharathamyasahityam :thathvavum prasakthiyum/
| প্রধান লেখক: | |
|---|---|
| বিন্যাস: | Printed Book |
| প্রকাশিত: |
Thiruvananthapuram:
Kerala bhasha institute,
1999.
|
| সংস্করন: | 2nd.ed. |
| LEADER | 00521nam a22001457a 4500 | ||
|---|---|---|---|
| 020 | |a 817638111x | ||
| 082 | |a 809.04 PUR/T | ||
| 100 | |a Purushothaman,P O | ||
| 245 | |a Tharathamyasahityam :thathvavum prasakthiyum/ |c P O Purushothaman | ||
| 250 | |a 2nd.ed. | ||
| 260 | |a Thiruvananthapuram: |b Kerala bhasha institute, |c 1999. | ||
| 300 | |a 146p. | ||
| 942 | |c REF | ||
| 999 | |c 258406 |d 258406 | ||
| 952 | |0 0 |1 0 |4 0 |6 809_040000000000000_PUR_T |7 0 |9 287749 |a RUS |b RUS |c REF |d 2005-02-17 |g 0.00 |i 6110M |l 0 |o 809.04 PUR/T |p RUS6110M |r 2014-02-14 |w 2014-02-14 |y REF | ||